Consumer's guide to a brave new world /

Bibliographic Details
Main Author: Smith, Wesley J.
Format: Book
Language:English
Published: San Francisco, Calif. : Encounter Books, 2004.
Edition:1st ed.
Subjects:

MARC

Tag First Indicator Second Indicator Subfields
LEADER 00000pam a22000004a 4500
001 in00002016299
005 20151031160712.0
008 040810s2004 cau b 001 0 eng
010 |a  2004056273 
020 |a 1893554996 (alk. paper) 
035 |a (OCoLC)ocm56198861 
040 |a DLC  |c DLC  |d YDX  |d TXA  |d UtOrBLW 
042 |a pcc 
049 |a TXAM 
050 0 0 |a TP248.23  |b .S657 2004 
082 0 0 |a 306.4/61  |2 22 
100 1 |a Smith, Wesley J. 
245 1 0 |a Consumer's guide to a brave new world /  |c Wesley J. Smith. 
250 |a 1st ed. 
264 1 |a San Francisco, Calif. :  |b Encounter Books,  |c 2004. 
300 |a xv, 219 pages ;  |c 24 cm. 
336 |a text  |b txt  |2 rdacontent 
337 |a unmediated  |b n  |2 rdamedia 
338 |a volume  |b nc  |2 rdacarrier 
504 |a Includes bibliographical references (pages 181-208) and index. 
650 0 |a Biotechnology  |x Social aspects. 
650 0 |a Genetic engineering  |x Social aspects. 
994 |a E0  |b TXA 
948 |a cataloged  |b h  |c 2005/1/7  |d c  |e jlanham  |f 3:09:07 pm 
999 |a MARS 
999 f f |s 39cc7109-1361-3918-b985-02a1592b952b  |i 37cfc2c4-2f4e-3970-a810-285d9572db63  |t 0 
952 f f |p ric  |a Texas A&M University  |b Rellis Campus  |c Joint Library Facility  |d Remote Storage  |t 0  |e TP248.23 .S657 2004  |h Library of Congress classification  |i unmediated -- volume  |m A14831728484 
998 f f |a TP248.23 .S657 2004  |t 0  |l Remote Storage